Регионална библиотека "Любен Каравелов" - Русе

Записки по българските въстания (Запис номер 124186)

MARC детайли
000 -Лидер
Лидер 02108nam a2200397 a 4500
003 - Код на организацията, давaща контролен номер
Код на организацията, даваща контролен номер BLK
005 - Дата и час на последна редакция
Дата и час на последна редакция 20230728005203.0
008 - Елементи от данни с фиксирана дължина
Елементи с фиксирана дължина 180409b bul|||||r ||||||| ||bul||
040 ## - Източник на каталожния запис
Код на библиотеката BLK
041 ## - Код за език
Език Български
Език за КДБФ Български
072 #7 - Код за тематичната категория
Код организация bullib
Код за тематична категория К
Текст Краезнание
080 ## - УДК
УДК текст Българска литература
УДК код 821.163.2
УДК – определител -94
УДК – код + определител 821.163.2-94
080 ## - УДК
УДК текст Априлско въстание (1876). Четата на Хр. Ботев
УДК код 94(497.2)"1876"
УДК – определител (093.3)
УДК – код + определител 94(497.2)"1876"(093.3)
100 ## - Редна дума - Автор
Автор Стоянов, Захарий
Биография на автора Стоянов, Захари
Години, свързани с автора 1850-1889
Пълна форма на името Джедев, Джендо Стоянов
R(LIN) 364101
245 10 - Сведения за заглавието
Заглавие Записки по българските въстания
Подзаглавни данни Разкази на очевидец : 1870 - 1876
Авторска отговорност Захари Стоянов; предг. от Александър Балабанов.
250 ## - Област на изданието
Поредност на изданието 2. ново пълно изд.
257 ## - Страна на издаване
Страна на създаване/издаване България
260 ## - Област на издателските данни
Име на издателя Игнатов
Година на издаване 1939
Печатница София : печ. Б. А. Кожухаров
Място на издаване София
300 ## - Физическа характеристика
Брой страници 712 с., 16 л. портр.
Размер 22 см
380 ## - Жанр
Жанр Худож. лит.
500 ## - Общи забележки
Обща забележка 1. изд. 1928. Изд. е по случай 1000 г. от Симеоновия век и 50 г. от Освобождението
659 ## - Тематичен бюлетин
Тематичен бюлетин К
700 1# - Други автори (авторска отговорност)
Друг автор Балабанов, Александър
Авт. отговорност на др. автор предг. от
9 (RLIN) 373164
852 ## - Местоположение
Сигнатура (форматна) Цб 33831
852 ## - Местоположение
Сигнатура (форматна) К 821.163.2/С 83-З
856 4# - Електронен адрес и достъп
Електронен формат pdf - файл
Инструкция (цена за достъп) 0.00
Права за достъп disable
856 4# - Електронен адрес и достъп
Електронен формат pdf - файл
Инструкция (цена за достъп) 0.00
Права за достъп Достъп за регистрирани потребители
Име на файла (електронен носител) Записки по българските въстания Разкази на очевидец
Път до файла (ресурса) http://185.138.176.146:18082/cgi-bin/koha/opac-retrieve-file.pl?id=01b179655b1ddb6a692fb7c88dd7a947
Допълнителна информация (Корица, съдържание, пълен текст, звуков файл, HTML файл) Електронна книга
Забележка за публика Записки по българските въстания Разкази на очевидец
942 ## - АРТИКУЛИ
Вид на библиотечния документ Книги
Скрит в OPAC Не
Периодичен библиозапис Да
944 ## - СЪЗДАВАНЕ И РЕДАКЦИЯ на ЗАПИСА
Създаване/Редакция Създаване
Дата на регистрацията/редакция 20.04.2012
Номер на служител CRON CRON
Служител, извършил регистрацията/редакцията
944 ## - СЪЗДАВАНЕ И РЕДАКЦИЯ на ЗАПИСА
Създаване/Редакция Редакция
Дата на регистрацията/редакция 20.04.2012
Номер на служител 20.04.2012 - от С1,Р / 20.04.2012
999 ## - СИСТЕМНИ КОНТРОЛНИ НОМЕРА
Koha biblionumber 124186
Koha biblioitemnumber 124186
999 ## - СИСТЕМНИ КОНТРОЛНИ НОМЕРА
Koha biblioitemnumber 124186
999 ## - СИСТЕМНИ КОНТРОЛНИ НОМЕРА
Koha biblioitemnumber 124186
999 ## - СИСТЕМНИ КОНТРОЛНИ НОМЕРА
Koha biblioitemnumber 124186
999 ## - СИСТЕМНИ КОНТРОЛНИ НОМЕРА
Koha biblioitemnumber 124186
Наличности
Код за отписване Код за изгубен артикул Източник на класификационната схема Код за повреда Коз за рестрикции Код за отдаване Артикулен № Име на библиотеката - собственик Име на библиотеката, в която се намира в момента Статус (Текущо местоположение) Дата на вписване в системата Местоположение - отдел Цена в лева Инвентарен номер Систематично азбучна сигнатура Баркод Номер на екземпляра Цена в евро Служебна бележка Служебен тип на артикула
  Не е изгубен Universal Decimal Classification Не е повреден без рестрикции ползва се в читалня 201343 Регионална библиотека "Любен Каравелов" Русе Регионална библиотека "Любен Каравелов" Русе Краезнание 1939-01-01 Краезнание 3.00 334735 К 821.163.2/С 83-З 120000334735 1 1.53 Дата: 01.01.1939 Дата инв: 07.11.2017 Бележки инв: К2017 Книги
  Не е изгубен Universal Decimal Classification Не е повреден без рестрикции ползва се в читалня 201344 Регионална библиотека "Любен Каравелов" Русе Регионална библиотека "Любен Каравелов" Русе Хранилище 1939-01-01 Основен фонд - ползва се само за читалня 3.00 506788 Цб 33831 120000506788 2 1.53 Дата: 01.01.1939 Книги
Vip Innovations Ltd, Rousse, Bulgaria 2025